| 000 | 00494nam a2200157 a 4500 | ||
|---|---|---|---|
| 001 | 000033923 | ||
| 005 | 20200930070628.0 | ||
| 008 | 110914s1982 es 000 0 spa d | ||
| 020 | _a87291366x | ||
| 040 |
_aDO-SdBNP _bspa _cBNPHU |
||
| 245 | 0 | 0 |
_aHágalo usted mismo superfácil / _ccoordinación y redacción Carmen Plánchuelo. |
| 260 |
_aMadrid : _bEdiciones Fapa, _c1982. |
||
| 300 |
_a1v. Con varias paginaciones : _bil. ; _c21 cm. |
||
| 700 | 1 |
_aPlánchuelo, Carmen _959367 |
|
| 049 | _aBNPD | ||
| 999 |
_c33414 _d33414 |
||